000 01463nam a2200421 i 4500
001 ELB55016
003 FlNmELB
005 20250326043933.0
006 m o d |
007 cr cnu||||||||
008 140901s2014 sp o 001 1 spa d
020 _z9788484395775
020 _a9788484397748 (e book)
035 _a(OCoLC)1005826369
040 _aFINmELB
_bspa
_erda
_cFINmELB
050 4 _aPQ6257
_bR896 2014
080 _a821.134.2-31
082 0 _a863.010806
_223
100 1 _aRubio Tovar, Joaquín.
245 1 0 _aSe murió de Mozart /
_cJoaquín Rubio Tovar.
264 1 _aJaén :
_bUniversidad de Jaén,
_c2014.
300 _a1 recurso en línea (109 páginas)
336 _atexto
_btxt
_2rdacontent/spa
337 _acomputadora
_bc
_2rdamedia/spa
338 _arecurso en línea
_bcr
_2rdacarrier/spa
490 1 _ao de Bonilla ;
_vvolumen 42
500 _aContiene índice.
588 _aDescripción basada en el editor de metadatos y otras fuentes.
590 _aRecurso electrónico. Santa Fe, Arg.: elibro, 2015. Disponible vía World Wide Web. El acceso puede estar limitado para las bibliotecas afiliadas a elibro.
650 0 _aShort stories, Spanish.
650 4 _aLiteratura europea.
650 4 _aPoesía.
651 4 _aEspaña.
655 4 _aLibros electrónicos.
797 2 _aelibro, Corp
830 0 _ade Bonilla ;
_vvolumen 42.
856 4 0 _uhttps://elibro.net/ereader/usam/55016
_zClick to View
999 _c155519
_d155519